LEADER 01175nam a2200289 a 4500 001 000000138257 003 CaOOAMICUS 005 20140430105259.0 008 140430s1977 it u000 u ita r 040 $aPUL$bita 100 1 $aTozzi, Federigo,$d1883-1920.$0(OLS)http://pul/name/56268 245 10$aCon gli occhi chiusi ; Tre croci /$cFederigo Tozzi ; a cura di Aldo Borlenghi. 246 33$aTre croci 260 $aTorino :$bEinaudi,$cİ1977. 300 $aXXXIII, 230 p. ;$c20 cm 490 1 $aClassici Ricciardi ;$v68 500 $aRipr. parziale dell'ed.: Milano ; Napoli : R. Ricciardi, 1966. V. 64, t. 5, p. 945-1200 e 1282-83. 504 $aNote bibliografiche. 700 1 $aBorlenghi, Aldo,$d1913-$0(OLS)http://pul/name/10285 830 0$aClassici Ricciardi ;$v68.$0(OLS)http://pul/title/76501 850 $aPUL 852 $aPUL$W1$xDP1 Fondo E. Rossi$y115$m7 E 60$j159431$qFondi$B158980$CPULBib$Z2$F158980 $82 941 1 $a1 996 $6245$aCon gli occhi chiusi ; Tre croci$9(OLS)http://pul/title/175016 996 $6246$aTre croci$9(OLS)http://pul/title/156870 996 $6260$aTorino :$bEinaudi$9(OLS)http://pul/publisher/48130 LEADER 00990nam a2200217 u 4500 001 000000077187 003 CaOOAMICUS 005 20070226123307.0 008 040121s1853 gw u000 u ger u 035 $a10981737 040 $aPUL(R)$bita 100 1 $aBusz, F.J.$0(OLS)http://pul/name/47533 245 14$aDie Gesellschaft Jesu :$bihr Zweck, ihre Satzungen, Geschichte, Aufgabe und Stellung in der Gegenwart /$cvon F.J. Busz. 260 $aMainz :$bVerlag von C. G. Kunze,$c1853. 300 $aviii, 640 p. ;$c20 cm 610 24$aGesuiti$xStoria.$0(OLS)http://pul/subject/907 850 $aPUL 852 $aPUL$W1$xDP1 Antico 800$y27$m136 D 5$j99186$nBK-PRI$b $qStampati Antico$B99186$CPULBib$Z2$F99186 $H $81 941 1 $a15 996 $6245$aDie Gesellschaft Jesu :$bihr Zweck, ihre Satzungen, Geschichte, Aufgabe und Stellung in der Gegenwart$9(OLS)http://pul/title/101227 996 $6260$aMainz :$bVerlag von C. G. Kunze$9(OLS)http://pul/publisher/74983